000 00575nam a2200181Ia 4500
008 100917s9999 xx 000 0 und d
082 _b55127
100 _aशेवडे रा. वा.
245 _aकाही आगळ्या आठवणी
260 _bशिवसंस्कार प्रकाशन
_c---
300 _a83
365 _b10
520 _aचरित्र
630 _aकाही आगळ्या आठवणी
650 _aचरित्र
730 _aकाही आगळ्या आठवणी
942 _cBOOK
999 _c660521
_d660518